Visualizzazione normale
Vista MARC
- Cuervo, Rufino José,
di Personal Name
Records bibliografici associati: 1
001 - CONTROL NUMBER
- control field: 70931
003 - CONTROL NUMBER IDENTIFIER
- control field: IT-RoINE
005 - DATE AND TIME OF LATEST TRANSACTION
- control field: 20220221100839.0
008 - FIXED-LENGTH DATA ELEMENTS
- fixed length control field: 220221|| aca||aabn | a|a d
040 ## - CATALOGING SOURCE
- Original cataloging agency: IT-RoINE
- Transcribing agency: IT-RoINE
100 ## - HEADING--PERSONAL NAME
- Personal name: Cuervo, Rufino José,
- Dates associated with a name: 1844-1911
- General subdivision: Correspondencia
670 ## - SOURCE DATA FOUND
- Source citation: Work cat.: (IT-RoINE): Cuervo, Rufino José, 1844-1911 39807, Cartas inéditas de Rufino José Cuervo a Emilio Teza (1887-1911) /, 1961.